| 000 | 00358 a2200169 4500 | ||
|---|---|---|---|
| 001 | 184262 | ||
| 020 | _a85-02-02361-6 | ||
| 040 | _cMagnum | ||
| 100 | _aAlbergaria, Lino de | ||
| 240 | 1 | 0 |
_aDe paris, com amor _lpor |
| 245 | 1 | 0 | _aDe paris, com amor |
| 300 | _a85 | ||
| 362 | 0 | _a1997 | |
| 440 | 1 | _aSaraiva | |
| 697 | _aLITERATURA JUVENIL | ||
| 942 | _cBK | ||
| 999 |
_c184262 _d184262 |
||